000 00474nam a2200193Ia 4500
005 20240823035830.0
008 240823s9999||||xx |||||||||||||| ||und||
020 _a978-1-5937-384-2
041 _aENGLISH
082 _A519.502855133 Q1
100 _aNorman Matloff
245 4 _aThe Art of r Programming
250 _a1st
260 _c2011
_bNo Starch
500 _aTRANSFERED
650 _aArt programming
_bSoftware Engineering
942 _cBK
999 _c201634
_d201634